Представление документа в формате RUSMARC

ПолеНазваниеЗначение
  Тип записи a
  Библиографический уровень a
001 Контрольный номер RU/CBS_UL/BASE/a45ac20c36a44d0aac3bcf993a316d8c
005 Дата корректировки 20260413164246.2
100 Данные общей обработки __
a Данные общей обработки 20260413 ||| 0rusy0189 ca
101 Язык документа 0_
a Язык текста rus
102 Страна публикации __
a Страна публикации RU
200 Заглавие и сведения об ответственности 1_
a Заглавие Месяц трагических событий
e Сведения, относящиеся к заглавию [о месяце "март", который в истории нашей страны отмечен многими драматическими событиями]
300 Общие примечания __
a Общие примечания 16+
461 Уровень набора _0
1 2000
a Дарья. Биография
463 Уровень физической единицы _0
1 2000
a № 3
v С. 32 : фот.
1 2101
d 2026
1 001RU/CBS_UL/BASE/8a545d0a4e7c449cbd5f34bb5f136998
600 Персоналии _1
a Персоналии (Фамилия) Сталин
b Персоналии (Имя, инициалы) И.В.
600 Персоналии _1
a Персоналии (Фамилия) Гагарин
b Персоналии (Имя, инициалы) Ю.А.
600 Персоналии _1
a Персоналии (Фамилия) Вишневская
b Персоналии (Имя, инициалы) Г.П.
600 Персоналии _1
a Персоналии (Фамилия) Ростропович
b Персоналии (Имя, инициалы) М.Л.
606 Тематические рубрики 0_
a Основная рубрика История - СССР - 20 в.
z Хронологическая подрубрика 5.03.1953 г.
z Хронологическая подрубрика 27.03.1968 г.
z Хронологическая подрубрика 15.03.1978 г.
z Хронологическая подрубрика 8.03.1988 г.
z Хронологическая подрубрика 10.03.1975 г.
610 Ключевые слова 0_
a Ключевые слова история СССР, советская история, вожди советские, космонавты советские, угоны самолётов, виолончелисты, певицы оперные, драматические события, катастрофы
686 Индексы других классификаций __
2 Код системы rubbk
a Классификационный индекс 63.3(2)6
801 Источник записи _0
a Страна RU
b Организация МБУК ЦБС г. Ульяновска
c Дата составления 20260413
g Правила каталогизации RCR
801 Источник записи _1
a Страна RU
b Организация МБУК ЦБС г. Ульяновска
c Дата составления 20260413
g Правила каталогизации RCR
901 Тип документа __
t Тип документа b
w Контрольный № источника RU/CBS_UL/BASE/8a545d0a4e7c449cbd5f34bb5f136998
909 Создатель записи __
a Создатель записи lib1